000 00550nam a2200169 a 4500
001 000039717
005 20201002033709.0
008 130717s2001 dr ac 000 0 spa d
020 _a1563282178
040 _aDO-SdBNP
_bspa
_cBNPHU
082 _axxx
100 1 _aDíaz Ayala, Cristóbal
_93091
245 1 0 _aCuando salí de la Habana :
_b1898-1997 cien años de música cubana por el mundo /
_cCristóbal Díaz Ayala.
250 _a4a ed. corr.
260 _aPuerto Rico :
_bFundación Musicalia,
_c2001.
300 _a263 p. :
_bil., retrs. ;
_c23 cm.
999 _c39207
_d39207